000 00354nam a2200145Ia 4500
100 _aRational the Software Company
650 _aUML
942 _cBK
245 _aObject oriented design with UML payroll requirements document ver 2002.05.00
260 _b#N/A
_c2001
082 _a005.33/RAT
_bRAT
300 _a20
546 _aENGLISH
999 _c26853
_d26853